U.S. States that voted for Biden in 2020 - Statistics

General Stats
  • This quiz has been taken 23 times
  • The average score is 23 of 27
Answers on the Map
Answers color-coded by a green-red scale on the quiz's map according to % correct below.
 
Answer Stats
Answer Electoral Votes % Correct
California 55
100%
New York 29
100%
Massachusetts 11
95%
New Jersey 14
95%
Pennsylvania 20
95%
Arizona 11
91%
Delaware 3
91%
Illinois 20
91%
Maine *3
91%
Michigan 16
91%
Minnesota 10
91%
Oregon 7
91%
Rhode Island 4
91%
Vermont 3
91%
Washington 12
91%
Connecticut 7
86%
Maryland 10
86%
Nevada 6
86%
Wisconsin 10
86%
Hawaii 4
82%
New Hampshire 4
82%
Virginia 13
82%
Colorado 9
77%
New Mexico 5
73%
Georgia 16
55%
Nebraska *1
55%
District of Columbia 3
32%
No matching quizzes found
Score Distribution
Percent of People with Each Score
Percentile by Number Answered
Your Score History
You have not taken this quiz